000 00492nam a2200181Ia 4500
005 20240718082050.0
008 240331s9999 xx 000 0 und d
020 _a0195633385
082 _a200.54
_bREL
245 0 _aReligion and PoliticaL in South Asia :
_bIndia,Pakistan, and Sri Lanka
260 _aNew Delhi
_bGreenwood Publishing Group Inc
_c1992
300 _aviii, 230 p .,
650 _aReligion
650 _aPolitical
650 _aSocial
700 _aAllen,D.
_eedt
942 _cL
999 _c804
_d804